BIBLIOTECA

SENCICO
Vista normal Vista MARC

Entrada Nombre Geográfico

Número de registros utilizados en: 5

001 - CONTROL NUMBER

  • control field: 385

003 - CONTROL NUMBER IDENTIFIER

  • control field: OSt

005 - DATE AND TIME OF LATEST TRANSACTION

  • control field: 20260220205904.0

008 - FIXED-LENGTH DATA ELEMENTS

  • fixed length control field: 260220|| aca||aabn | a|a d

040 ## - CATALOGING SOURCE

  • Original cataloging agency: OSt

151 ## - HEADING--GEOGRAPHIC NAME

  • Nombre Geográfico: Perú